000
00297nam a22001217a 4500
008
170616b xxu||||| |||| 00| 0 eng d
041
_a
eng
080
_a
94(7/8)
100
_a
16
101
_a
SHH
245
_a
THE FISCAL IMPACT OF FEDERALISM IN THE UNITED STATES
_c
MAXWELL,J.A
942
_2
udc
_c
BK
999
_c
17677
_d
17677